000 02772njm a2200565 i 4500
001 196114
003 ES-MaACL
005 20250904042304.0
007 sd*fsngnnmmned
008 240209s2007 sp opn d / ita
015 _aSON07
017 _aM 35012-2007
_bOficina Depósito Legal Madrid
020 _a9788496832794
035 _a(OCoLC)431113745
035 _a(SpMaBN)a4580571
040 _aSpMaBN
_bspa
_cSpMaBN
_erdc
100 1 _aHandel, George Frideric,
_d1685-1759
_9240517
_ecmt
240 1 0 _aAgrippina
245 1 0 _aAgrippina /
_cHaendel ; libreto de Vincenzo Grimani
_h[Grabación sonora]
260 _aMadrid :
_bPrisa Innova,
_cD.L. 2007
264 _a©2007
300 _a2 discos (CD Audio) +
_e1 libro (77 páginas)
336 _2rdacontent
_amúsica (interpretada)
337 _2rdamedia
_aaudio
338 _2rdacarrier
_avolumen
490 1 _aLos clásicos de la ópera, 400 años ;
_v34
511 1 _aVéronique Gens, Philippe Jaroussky, Ingrid Perruche, Nigel Smith, Thierry Grégoire, Bernard Deletré, Fabrice di Falco, Alain Buet ; La Grande Écurie et La Chambre du Roy ; Jean-Claude Malgoire, director musical.
518 _aGrabado en el Teatro Municipal de Tourcoing, Francia, en marzo de 2003
520 _aEl estreno de Agrippina en Venecia a finales de 1709 supuso la triunfal despedida de Haendel de Italia, donde maduraría y refinaría su estilo. Allí perfeccionó su técnica, flexibilizó la rigidez germánica, eliminó el desequilibrio entre erudición y lirismo, desarrolló sus innatas condiciones como melodista y se dejó contagiar por el indefinible sentido de la cantabilità italiana.
650 7 _aÓperas-
_9137584
_vLibretos
655 7 _aLibretos
_2
_9242219
700 1 _aGrimani, Vincenzo-
_tAgrippina-
_lEspañol-Italiano
_9238323
_elbt
700 1 _aGens, Véronique
_9238324
_eprf
700 1 _aJaroussky, Philippe,
_d1978-
_9238325
_eprf
700 1 _aPerruche, Ingrid
_9238326
_eprf
700 1 _aSmith, Nigel
_9238327
_eprf
700 1 _aGrégoire, Thierry
_9238112
_eprf
700 1 _aDeletré, Bernard
_9238328
_eprf
700 1 _aDi Falco, Fabrice
_9238329
_eprf
700 1 _aBuet, Alain
_9238330
_eprf
700 1 _aMalgoire, Jean-Claude
_d1940-
_9238331
_emsd
710 2 _aLa Grande Écurie et la Chambre du Roy
_9238332
852 _aES-MaACL
_bR-155046
_cDEPOJ
_jN-9829
_hDonación: Miren Fernández
_xEncuadernación cartoné
_pVolumen 34
_9205787
903 _aFernández, Miren
_ednr
942 _cMONOGRAFIA
_n0
999 _c196114
_d196114